Triumph over fear : (Record no. 9423)
[ view plain ]
| 000 -LEADER | |
|---|---|
| fixed length control field | 00636nam a22002057a 4500 |
| 003 - CONTROL NUMBER IDENTIFIER | |
| control field | OSt |
| 005 - DATE AND TIME OF LATEST TRANSACTION | |
| control field | 20190620085542.0 |
| 008 - FIXED-LENGTH DATA ELEMENTS--GENERAL INFORMATION | |
| fixed length control field | 130824t xxu||||| |||| 00| 0 eng d |
| 020 ## - INTERNATIONAL STANDARD BOOK NUMBER | |
| International Standard Book Number | 9780553081329 |
| 050 ## - LIBRARY OF CONGRESS CALL NUMBER | |
| Classification number | RC 535 |
| Item number | .R67 1994 |
| 082 ## - DEWEY DECIMAL CLASSIFICATION NUMBER | |
| Classification number | HS 616.85223 |
| Item number | R733 1994 |
| 100 ## - MAIN ENTRY--PERSONAL NAME | |
| Personal name | Ross, Jerilyn |
| 9 (RLIN) | 13581 |
| 245 ## - TITLE STATEMENT | |
| Title | Triumph over fear : |
| Remainder of title | a book of help and hope for people with anxiety, panic attacks and phobias/ |
| Statement of responsibility, etc | Jerilyn Ross. |
| 260 ## - PUBLICATION, DISTRIBUTION, ETC. (IMPRINT) | |
| Place of publication, distribution, etc | New York : |
| Name of publisher, distributor, etc | Bantam Books, |
| Date of publication, distribution, etc | 1994. |
| 300 ## - PHYSICAL DESCRIPTION | |
| Extent | 296 p.: |
| Dimensions | 54 cm. |
| 650 ## - SUBJECT ADDED ENTRY--TOPICAL TERM | |
| Topical term or geographic name as entry element | Panic disorders |
| General subdivision | Popular works |
| 9 (RLIN) | 13582 |
| 650 ## - SUBJECT ADDED ENTRY--TOPICAL TERM | |
| Topical term or geographic name as entry element | Phobias |
| 9 (RLIN) | 13583 |
| 942 ## - ADDED ENTRY ELEMENTS (KOHA) | |
| Source of classification or shelving scheme | Library of Congress Classification |
| Koha item type | Books |
| Withdrawn status | Lost status | Source of classification or shelving scheme | Damaged status | Home library | Current library | Shelving location | Date acquired | Total Checkouts | Full call number | Barcode | Date last seen | Copy number | Price effective from | Koha item type |
|---|---|---|---|---|---|---|---|---|---|---|---|---|---|---|
| Library of Congress Classification | Luxembourg Library | Luxembourg Library | High School Section | 08/24/2013 | RC 535 .R67 1994 | 6659 | 08/24/2013 | 1 | 08/24/2013 | Books |